000 00567cam a2200193 4500500
005 20250921003615.0
041 _afre
042 _adc
100 1 0 _aPortevin, Catherine
_eauthor
245 0 0 _aSur la piste animale
260 _c2018.
500 _a92
690 _aAnimal
690 _aBaptiste Morizot
690 _aClaude Lévi-Strauss
690 _aVinciane Despret
786 0 _nPhilosophie Magazine | 121 | 8 | 2018-07-01 | p. 47-47
856 4 1 _uhttps://shs.cairn.info/magazine-philosophie-magazine-2018-8-page-47?lang=fr&redirect-ssocas=7080
999 _c1506657
_d1506657